000 00499nam a2200181Ia 4500
008 090123s9999 xx 000 0 und d
082 _b14597
_a891.463/शहा
100 _aशहा सुभाष
245 _aकुटजाल
250 _a1
260 _bश्रध्दा प्रकाशन
300 _a170
600 _aशहा सुभाष
630 _aकुटजाल
700 _aशहा सुभाष
730 _aकुटजाल
942 _cBOOK
999 _c52658
_d52658